000 00243nam a2200097Ia 4500
008 230508s2015 xx 000 0 und d
041 _aeng
100 _aPADHE SURESHCHANDRA
245 _aMALLINATHACHI SOLAPURI
260 _bMAUJE PUB
_c2015
_g2001
999 _c311768
_d311768